Statistics for Guess the characters from Troy ( 2004 ).

Click here to take the quiz!

General Stats

  • This quiz has been taken 7 times
  • The average score is 7 of 15

Answer Stats

Answer% Correct
Achilles
100%
Hector
75%
Helen
75%
Paris
75%
Agamemnon
50%
Briseis
50%
Patroclus
50%
Ajax
25%
Andromache
25%
Boagruis
25%
Menelaus
25%
Odysseus
25%
Peleus
25%
Priam
25%
Tecton
25%

Score Distribution

Percentile by Number Answered

Percent of People with Each Score

Your Score History

You have not taken this quiz